000 00240nam a22000977a 4500
008 170113b xxu||||| |||| 00| 0 eng d
041 _aeng
080 _a618.2
245 _aTHE SURGICAL CLINICS OF NORTH AMERICA
_cSAUNDER, W.B
942 _2udc
_cBK
999 _c2868
_d2868